Finančné časové rady, ich vlastnosti a predikcia bakalárska práca

Enregistré dans:
Détails bibliographiques
Auteur principal: Mrázová, Lucia
Collectivité auteur: Národohospodárska fakulta EU. Katedra financií
Autres auteurs: Káčer, Marek, 1976-
Format: Livre
Langue:slovaque
Publié: Bratislava 2018
Tags: Ajouter un tag
Pas de tags, Soyez le premier à ajouter un tag!

MARC

LEADER 00000nbm a2200000 4500
001 0245950
005 20181214112721.1
041 0 |a slo 
044 |a SK 
245 1 0 |a Finančné časové rady, ich vlastnosti a predikcia  |b bakalárska práca  |c Lucia Mrázová ; školiteľ: Marek Káčer 
264 1 |a Bratislava  |c 2018 
300 |a 54 s. 
100 1 |a Mrázová, Lucia 
700 1 |a Káčer, Marek, 1976- 
710 2 |a Národohospodárska fakulta EU. Katedra financií